00476nam a22001457a 4500003000500000038001800005082000800023100002100031245009400052264003300146300002500179650002900204700004000233856005700273NUST aNusrat Nadeem a200 aKhan,Haris Ahmed aCharacterization of dsRNA Mycoviruses Infecting Plant Pathogenic Fungi/cHaris Ahmed Khan aIslamabad;bASAB NUST;c2022 a192,p;bill;c30,cm. aPhD-Plant Biotechnology  aSupervisor:Dr.Muhammad Faraz Bhatti uhttp://10.250.8.41:8080/xmlui/handle/123456789/34000